|
|
|
|
| LEADER |
02324nam a2200601 a 4500 |
| 001 |
nkc20132475754 |
| 003 |
CZ PrNK |
| 005 |
20140922150311.0 |
| 007 |
ta |
| 008 |
130719s2013 xr ac f f 001 0 cze |
| 015 |
|
|
|a cnb002475754
|
| 020 |
|
|
|a 978-80-7345-353-4
|q (brož.)
|
| 035 |
|
|
|a (OCoLC)857953246
|
| 040 |
|
|
|a BOA001
|b cze
|d ABA001
|d OLA001
|
| 072 |
|
7 |
|a 616
|x Patologie. Klinická medicína
|2 Konspekt
|9 14
|
| 080 |
|
|
|a 616.379-008.64
|2 MRF
|
| 080 |
|
|
|a 615.252.349.7.015.8
|2 MRF
|
| 080 |
|
|
|a 616.153:577.115
|2 MRF
|
| 080 |
|
|
|a 616.12-008.331.1
|2 MRF
|
| 080 |
|
|
|a 616.72-002.78
|2 MRF
|
| 080 |
|
|
|a (035)
|2 MRF
|
| 100 |
1 |
|
|a Perušičová, Jindra,
|d 1942-
|7 jn19990216137
|4 aut
|
| 245 |
1 |
0 |
|a Diabetes mellitus a inzulinová rezistence, dyslipidemie, hypertenze, dna :
|b [průvodce pro každodenní praxi] /
|c Jindřiška Perušičová, Klára Owen, Petr Němec
|
| 246 |
3 |
0 |
|a Diabetes mellitus
|
| 246 |
3 |
0 |
|a Inzulinová rezistence, dyslipidemie, hypertenze, dna
|
| 260 |
|
|
|a Praha :
|b Maxdorf,
|c c2013
|
| 300 |
|
|
|a 146 s. :
|b il., portréty ;
|c 19 cm
|
| 490 |
1 |
|
|a Současná diabetologie ;
|v sv. 7
|
| 490 |
1 |
|
|a Jessenius
|
| 504 |
|
|
|a Obsahuje bibliografie a rejstřík
|
| 650 |
0 |
7 |
|a diabetes mellitus
|7 ph114310
|2 czenas
|
| 650 |
0 |
7 |
|a inzulinová rezistence
|7 ph265692
|2 czenas
|
| 650 |
0 |
7 |
|a dyslipidémie
|7 ph290645
|2 czenas
|
| 650 |
0 |
7 |
|a hypertenze
|7 ph114744
|2 czenas
|
| 650 |
0 |
7 |
|a dna
|7 ph114333
|2 czenas
|
| 650 |
0 |
9 |
|a diabetes mellitus
|2 eczenas
|
| 650 |
0 |
9 |
|a insulin resistance
|2 eczenas
|
| 650 |
0 |
9 |
|a dyslipidemia
|2 eczenas
|
| 650 |
0 |
9 |
|a hypertension
|2 eczenas
|
| 650 |
0 |
9 |
|a gout
|2 eczenas
|
| 655 |
|
7 |
|a příručky
|7 fd133209
|2 czenas
|
| 655 |
|
9 |
|a handbooks and manuals
|2 eczenas
|
| 700 |
1 |
|
|a Owen, Klára,
|d 1972-
|7 xx0011436
|4 aut
|
| 700 |
1 |
|
|a Němec, Petr,
|d 1972-
|7 xx0054143
|4 aut
|
| 830 |
|
0 |
|a Současná diabetologie
|0 s
|
| 830 |
|
0 |
|a Jessenius
|0 s
|
| 910 |
2 |
|
|a BOA001
|b 1-1307.389
|
| 990 |
|
|
|a BK
|
| 995 |
|
|
|a 01
|
| 991 |
|
|
|b 201308
|c NOV
|e n
|
| 996 |
6 |
|
|b 2610558276
|c 1-1307.389
|l MZK
|r Sklad / do 1 hodiny
|n 1
|p p.v.
|w 001347012
|u 000010
|a 1
|e BOA001
|j MZK50
|s P
|
| 996 |
6 |
|
|b 2610564019
|c 1-1307.389
|l MZK
|r STM 6p
|n 0
|p kup
|h 616.37 PER
|w 001347012
|u 000020
|a 0
|e BOA001
|j MZK50
|s P
|
| 996 |
7 |
|
|b 2610564020
|c 1-1307.389
|l Vol.výběr
|r VV 1p
|n 13
|p kup
|h 616.37 PER
|w 001347012
|u 000030
|a 0
|e BOA001
|j MZK50
|s A
|